000 00811nac a22002657a 4500
001 BR0809654
003 BR-BrBNA
005 20240105123719.0
008 230509b bl.|||m| |||| 00| 0 por d
040 _aBR-BrBNA
_bpor
_cBiblioteca Nacional de Agricultura
072 _aE50
090 _aE50 BR0809654
110 1 _aConfederação da Agricultura e Pecuária do Brasil, Brasília, DF (Brasil)
_92548
245 1 _aManual da contribuição Sindical
260 3 _aBrasília, DF (Brasil):
_c2006.
300 _a76 p.
490 _aColetânea Estudos Gleba (Brazil)
_vno. 42
_x
500 _a4 tables
650 _aSINDICATO
650 _aSOCIOLOGIA RURAL
650 _aFORMAÇÃO PROFISSIONAL
650 _aPRODUTOR RURAL
909 _a202312
_bLúcia Elande
_c55
_dLúcia Elande
942 _2AGRIS
_n0
_cMS
999 _c296670
_d296670